00309nam a2200133Ia 45000030006000000080041000060400015000471000016000622450024000782600036001023000006001385460014001440050017001580STCL150530s9999 xx 000 0 und d aSTCLcSTCL aThomas Paul aMathavum Chinthayum bS.H.League;Alwayec1972aAlwaye a0 aMalayalam20220125171731.0